<?xml version="1.0" encoding="UTF-8"?>
<collection xmlns:xsi="http://www.w3.org/2001/XMLSchema-instance" xsi:schemaLocation="http://www.loc.gov/MARC21/slim http://www.loc.gov/standards/marcxml/schema/MARC21slim.xsd" xmlns="http://www.loc.gov/MARC21/slim">
 <record>
  <leader>00000cab a22000004cb4500</leader>
  <controlfield tag="001">IPP-00000660797</controlfield>
  <controlfield tag="003">IPP</controlfield>
  <controlfield tag="005">20250115144803.0</controlfield>
  <controlfield tag="008">250115s2010    xx     d | ||r |||||eng||</controlfield>
  <datafield tag="041" ind1="#" ind2="#">
   <subfield code="a">eng</subfield>
  </datafield>
  <datafield tag="100" ind1="1" ind2="#">
   <subfield code="a">Cha-um, Suriyan</subfield>
  </datafield>
  <datafield tag="245" ind1="1" ind2="0">
   <subfield code="a">Salt Tolerance Screening in Six Maize (Zea mays L.) Genotypes using Multivariate Cluster Analysis</subfield>
  </datafield>
  <datafield tag="264" ind1="#" ind2="1">
   <subfield code="c">2010</subfield>
  </datafield>
  <datafield tag="300" ind1="#" ind2="#">
   <subfield code="b">graphs ; tables ; references</subfield>
  </datafield>
  <datafield tag="520" ind1="#" ind2="#">
   <subfield code="a">The effective indices for salt tolerant classification of maize genotypes were investigated. Six maize cultivars were treated with either 0 (control) or 200 mM NaCl (salt stress). Chlorophyll a (Chl a), chlorophyll b (Chl b), total chlorophyll (TC) and total carotenoid (C x+c) concentrations in the salt-stressed leaves dropped significantly. Chl a degradation in maize genotypes was correlated with maximum quantum yield of PSII (F v/F m). TC content was positively related to photon yield of PSII (Φ PSII). F v/F m, Φ PSII and photochemical quenching (qP) in the salt-stressed leaves decreased dramatically, related to the reduced net photosynthetic rate (P n), leading to growth reduction. The chlorophyll a fluorescence parameters, F v/F m, Φ PSII and qP, in the leaf tissues decreased, while non-photochemical quenching (NPQ) increased. Data relating to pigment degradation, chlorophyll a fluorescence diminution, photosynthesis reduction and growth inhibition in salt-stressed maize cultivars were subjected to hierarchical cluster analysis using SPSS software. Two classes of genotypes were identified: salt-tolerant (Waxy 1, Waxy 2 and Waxy 3) and salt-sensitive (Honey, Sweet 1 and Sweet 2).</subfield>
  </datafield>
  <datafield tag="650" ind1="1" ind2="0">
   <subfield code="a">Maize</subfield>
  </datafield>
  <datafield tag="650" ind1="2" ind2="0">
   <subfield code="a">Salt</subfield>
   <subfield code="x">Physiological effects</subfield>
  </datafield>
  <datafield tag="700" ind1="1" ind2="#">
   <subfield code="a">Kirdmance, Chalermpol</subfield>
  </datafield>
  <datafield tag="773" ind1="0" ind2="#">
   <subfield code="t">Philippine Agricultural Scientist, The (Formerly the Philippine Agriculturist)</subfield>
   <subfield code="g">Vol. 93, no. 2 (Jun. 2010), 156-164</subfield>
  </datafield>
  <datafield tag="942" ind1="#" ind2="#">
   <subfield code="a">Article</subfield>
  </datafield>
  <datafield tag="950" ind1="#" ind2="#">
   <subfield code="a">FI</subfield>
  </datafield>
 </record>
</collection>
